| 000 | 00362nam a2200145Ia 4500 | ||
|---|---|---|---|
| 005 | 20251222141833.0 | ||
| 008 | 251222s9999||||xx |||||||||||||| ||spa|| | ||
| 020 | _a978-612-45130-3-9 | ||
| 082 | _a868.94/P84 | ||
| 100 | _aPrado de Freitas, Adélia Luzia | ||
| 245 | 0 | _aBagaje | |
| 250 | _a2a.ed. | ||
| 264 | _bUniversidad Antonio Ruiz de Montoya | ||
| 942 | _cLIB | ||
| 999 |
_c7180 _d7180 |
||